[Event "Liguria Region-ch"]
[Site "Spotorno"]
[Date "2011.04.17"]
[Round "5"]
[White "Nikolajevic, Tihomir"]
[Black "Giostra, Lorenzo"]
[Result "1-0"]
[WhiteElo "1869"]
[BlackElo "1670"]
[PlyCount "179"]
[EventDate "2011.04.15"]
[EventType "swiss"]
[EventRounds "5"]
[EventCountry "ITA"]
[SourceTitle "EXT 2024"]
[Source "ChessBase"]
[SourceDate "2023.10.10"]
[SourceVersion "1"]
[SourceVersionDate "2023.10.10"]
[SourceQuality "1"]

1. Nf3 Nf6 2. b3 d5 3. Bb2 e6 4. g3 c5 5. e3 Nc6 6. Bg2 Be7 7. 0-0 0-0 8. d3 a6 9. Nbd2 d4 10. Nc4 Rb8 11. c3 b5 12. Nce5 Nxe5 13. Nxe5 dxe3 14. fxe3 Bb7 15. Bxb7 Rxb7 16. Nc6 Qc7 17. Nxe7+ Qxe7 18. Qe2 Nd5 19. e4 Nf6 20. Rad1 e5 21. Bc1 h6 22. Qf3 Rd8 23. Bxh6 gxh6 24. Qxf6 Rd6 25. Qxe7 Rxe7 26. Kf2 Red7 27. Ke2 Kg7 28. Rd2 Rc7 29. Rfd1 Rcd7 30. Ke3 Rc6 31. a3 a5 32. Ke2 Rcd6 33. Ke3 Rc6 34. Rc1 Rb6 35. d4 exd4+ 36. cxd4 cxd4+ 37. Rxd4 Re7 38. Rc5 Ra7 39. Rdd5 Rab7 40. e5 a4 41. b4 Rb8 42. Kd4 R6b7 43. Rd6 Re7 44. Rcc6 Rbe8 45. Rd5 Rb8 46. Kc5 Reb7 47. Rdd6 Re7 48. e6 f6 49. Rd7 Kf8 50. Kd6 Ree8 51. Rf7+ Kg8 52. Rxf6 Kg7 53. Rf7+ Kg6 54. Rf3 Rb7 55. Kc5 Reb8 56. Rf7 Rxf7 57. exf7+ Kxf7 58. Rxh6 Kg7 59. Rb6 Rh8 60. Kxb5 Rxh2 61. Kxa4 Rg2 62. Ka5 Rxg3 63. a4 Kf7 64. Rd6 Ke7 65. Rd4 Rg6 66. b5 Rg5 67. Ka6 Rc5 68. b6 Rc6 69. Ka7 Rc8 70. b7 Rc7 71. Ka8 Rc5 72. b8Q Ra5+ 73. Kb7 Rf5 74. Qd6+ Kf7 75. Rh4 Rg5 76. Rh7+ Kg8 77. Qe7 Rb5+ 78. Kc6 Rb6+ 79. Kd7 Rb7+ 80. Ke8 Rb8+ 81. Qd8 Rxd8+ 82. Kxd8 Kxh7 83. a5 Kg8 84. Ke7 Kg7 85. a6 Kh7 86. a7 Kg6 87. a8Q Kg7 88. Qg2+ Kh6 89. Kf6 Kh7 90. Qg7# 1-0

[Event "Recco op-B 4th"]
[Site "Recco"]
[Date "2010.11.28"]
[Round "4"]
[White "Cecchi, Giuseppe"]
[Black "Giostra, Lorenzo"]
[Result "1/2-1/2"]
[WhiteElo "1762"]
[BlackElo "1524"]
[PlyCount "39"]
[EventDate "2010.11.26"]
[EventType "swiss"]
[EventRounds "5"]
[EventCountry "ITA"]
[SourceTitle "EXT 2023"]
[Source "ChessBase"]
[SourceDate "2022.10.05"]
[SourceVersion "1"]
[SourceVersionDate "2022.10.05"]
[SourceQuality "1"]

1. d4 d5 2. c4 e6 3. Nc3 c5 4. e3 Nf6 5. Nf3 Nc6 6. dxc5 Bxc5 7. cxd5 exd5 8. Bb5 0-0 9. 0-0 Bg4 10. Be2 Qd6 11. a3 Rfd8 12. b4 Bb6 13. Nb5 Qe7 14. Bb2 Rac8 15. Rc1 a6 16. Nbd4 Nxd4 17. Bxd4 Bxd4 18. Nxd4 Be6 19. Bd3 Rxc1 20. Qxc1 1/2-1/2